000 00805nac a22002171u 4500
010 _a 93030093
020 _a0673468836
082 0 0 _a302.23
_bA2654
090 _c4204
_d4204
100 _aAgee, Warren Kendall.
245 1 0 _aIntroduction to mass communications /
_cWarren K. Agee, Phillip H. Ault, Edwin Emery.
250 _a11th ed.
260 _aNew York, NY :
_bHarperCollins College Publishers,
_cc1994.
300 _axiv, 570 p. :
_bill. ;
_c23 cm.
504 _aIncludes bibliographical references (p. [517]-551) and index.
650 0 _aMass media.
700 1 _aAult, Phillip H.,
_d1914-
700 1 _aEmery, Edwin.
942 _cBB
_k302.23A2654
999 _c4204
_d4204